00819nam a22001937a 4500003000900000008004100009040007100050082002600121245008900147260003500236300004500271440001900316505019000335650002300525650001200548650002400560650001300584700002800597AR-CdUCM190425b ||||| |||| 00| 0 spa d aMUNICIPALIDAD PROVINCIAL DEL CUSCOcBIBLIOTECA MUNICIPAL DEL CUSCO aEspectador/N°01/2003 aEl espectador :bperiodismo de investigación /cAsencio Carrasco, Raúl, Director aCusco.bJyR impresores,c2003. a29 páginas. :bilustraciones ;c29 cm. aEl espectador. aContenido: UNSAAC respuesta a la crisis. -- El fracaso de Toledo. -- Como y porque nació el SUTEP. -- Turismo versus conflictos laborales. -- Turismo versus conflictos social laboral. aPolítica peruana aTurismo aSociedad cusqueña aSiglo XX aAguirre Castro, Enrique